BIBLIOTECA PODER JUDICIAL
Portal Judicial TDF

Derecho administrativo / (Registro nro. 1276)

000 -LEADER
fixed length control field 00841nam a22002417a 4500
003 - CONTROL NUMBER IDENTIFIER
control field OSt
005 - DATE AND TIME OF LATEST TRANSACTION
control field 20191029062657.0
008 - FIXED-LENGTH DATA ELEMENTS--GENERAL INFORMATION
fixed length control field 180228b xxu||||| |||| 00| 0 spa d
020 ## - INTERNATIONAL STANDARD BOOK NUMBER
International Standard Book Number 9502009118
040 ## - CATALOGING SOURCE
Transcribing agency PJ
100 ## - ASIENTO PRINCIPAL - NOMBRE DE PERSONA
9 (RLIN) 14
Personal name Comadira, Julio Rodolfo
245 10 - MENCIÓN DE TÍTULO
Título propiamente dicho Derecho administrativo /
Mención de responsabilidad, etc Julio R. Comadira, prólogo de Miguel S. Marienhoff.
260 ## - PUBLICATION, DISTRIBUTION, ETC. (IMPRINT)
Place of publication, distribution, etc Madrid :
Name of publisher, distributor, etc Abeledo-Perrot,
Date of publication, distribution, etc 1996.
300 ## - DESCRIPCION FISICA
Extent 466 p.
Dimensions 23 cm.
500 ## - NOTA GENERAL
General note Notas y citas a pie de página.
504 ## - NOTA DE BIBLIOGRAFÍA, ETC.
Bibliography, etc Bibliografía: p. 453.
505 ## - FORMATTED CONTENTS NOTE
Formatted contents note Contenido:<br/>Acto administrativo -- Procedimiento administrativo -- Otros estudios.
650 #0 - ASIENTO SECUNDARIO DE MATERIA - TERMINO TEMATICO
Topical term or geographic name as entry element DERECHO ADMINISTRATIVO
9 (RLIN) 211
650 #0 - ASIENTO SECUNDARIO DE MATERIA - TERMINO TEMATICO
Topical term or geographic name as entry element PROCEDIMIENTO ADMINISTRATIVO
9 (RLIN) 1135
650 #0 - ASIENTO SECUNDARIO DE MATERIA - TERMINO TEMATICO
Topical term or geographic name as entry element ACTO ADMINISTRATIVO
9 (RLIN) 1171
700 ## - ADDED ENTRY--PERSONAL NAME
Personal name Marienhoff, Miguel S.
Relator term prologuista
9 (RLIN) 45
942 ## - ADDED ENTRY ELEMENTS (KOHA)
Source of classification or shelving scheme
Koha item type Libros
Classification part 342.9
Item part COM
Existencias
Withdrawn status Lost status Source of classification or shelving scheme Damaged status Not for loan Permanent Location Current Location Date acquired Total Checkouts Total Renewals Full call number Barcode Date last seen Date checked out Price effective from Koha item type
          Biblioteca Poder Judicial Sur Biblioteca Poder Judicial Sur 2018-08-28 1 1 342.9 COM 3445 2019-07-02 2019-06-10 2018-08-28 Libros

12 de Octubre 789 Ushuaia - Tel:  54(02901)441571
Horario de Atención: 8.00 a 17.00 hs. 
bibliotecaush@justierradelfuego.gov.ar
koha@justierradelfuego.gov.ar
Seguinos en nuestras redes @bibliojustdf 

Con tecnología Koha